000 00682nam a2200193Ia 4500
008 151121s9999||||xx |||||||||||||| ||und||
082 _a098/विनोबा
082 _bHNW-40373
100 _aविनोबा
245 _aगांधीजी को श्रध्दांजलि
260 _b"सत्साहित्य प्रकाशन मंडल, दिल्ली"
260 _c--
300 _a51
600 _aविनोबा
630 _aगांधीजी को श्रध्दांजलि
700 _aविनोबा
730 _aगांधीजी को श्रध्दांजलि
942 _cBOOK
999 _c1229968
_d1229965